Estadísticas para Siglo XVII

Haz click aquí para intentar la prueba.

Estadísticas generales

  • Esta prueba ha sido intentada 50 veces
  • La puntuación promedio es 13 de 20

Estadísticas de respuestas

AñoDescripciónRespuesta% Correcto
1687Este científico inglés explica la gravedadIsaac Newton
100%
1605Miguel de Cervantes publica esta novelaDon Quijote
95%
1666Un incendio en Pudding Lane se propaga y destruye gran parte de esta ciudadLondres
88%
1633Este científico es castigado por la Inquisición romana
por defender el heliocentrismo
Galileo Galilei
86%
1683Este imperio de Oriente Medio alcanza su máxima extensión territorialImperio Otomano
83%
1637Este filósofo escribe "Cogito ergo sum" - Pienso, luego existoRené Descartes
83%
1653Este mausoleo de mármol blanco se completa en la India MogolTaj Mahal
83%
1603Comienza el periodo Edo en este paísJapón
81%
1662Esta ave no voladora de Mauricio se extingueDodo
71%
1637Los Especuladores Holandeses se vuelven locos por este tipo de florTulipán
71%
1643Este "Rey Sol" es coronadoLuis XIV
69%
1602–Este país domina el comercio de especiasPaíses Bajos
62%
1605Guy Fawkes y otros radicales lanzan este complot para volar el ParlamentoConspiración de la {Pólvora}
52%
1688La Revolución Gloriosa lleva a este rey holandés a InglaterraGuillermo III
50%
1618–1648Esta guerra arrasa la mayor parte de AlemaniaGuerra de los 30 Años
48%
1620Este barco de peregrinos desembarca en MassachusettsMayflower
45%
1653Este líder militar se convierte en Lord Protector de InglaterraOliver Cromwell
45%
1644Esta dinastía llega al poder en ChinaQing
43%
1670Esta empresa de comercio de pieles, la más antigua de Canadá, se estableceCompañía de la Bahía de Hudson
12%
1611Esta popular biblia inglesa se completaBiblia del Rey Jacobo
7%

Distribución de puntuación

Porcentaje por número respondido

Porcentaje de gente con cada puntuación

Historial de tus puntuaciones

No has intentado esta prueba.